| 000 | 00431nam a2200169Ia 4500 | ||
|---|---|---|---|
| 005 | 20240823050017.0 | ||
| 008 | 240823s9999||||xx |||||||||||||| ||und|| | ||
| 041 | _aENGLISH | ||
| 082 | _A518 Q3 | ||
| 100 | _a"Arumugam , et al." | ||
| 245 | 0 | _aNumerical Analysis with Programming in C | |
| 250 | _a1 st | ||
| 260 |
_c2013 _bNew Gamma Publishing |
||
| 500 | _aYES | ||
| 650 |
_aNumerical Analysis _bMathematics |
||
| 942 | _cBK | ||
| 999 |
_c216274 _d216274 |
||